| 000 | 00823nam a22002177a 4500 | ||
|---|---|---|---|
| 008 | 140130s2001 gw ak grb 000 0 eng d | ||
| 020 | _a389691488X | ||
| 020 | _a9783896914880 | ||
| 082 | 0 | 4 |
_222 _a382 _bSCH |
| 100 | 1 |
_934994 _aScherrer, Christoph |
|
| 245 | 1 | 0 |
_aGlobal rules for trade : _bcodes of conduct, social labeling, worker's rights clauses / _cChristoph Scherrer, Thomas Greven ; with contributions by Nina Ascoly ... [et al.] |
| 260 |
_aMunster, Germany : _bWestfalisches Dampfboot, _c2001. |
||
| 300 |
_a173 p. : _bforms, tables ; _c21 cm. |
||
| 504 | _aIncludes bibliographical reference. | ||
| 650 | 0 |
_94508 _aInternational trade |
|
| 653 |
_bPol _cJanuary2014 |
||
| 655 |
_vreading book _934232 |
||
| 700 | 1 |
_934995 _aGreven, Thomas |
|
| 700 | 1 |
_934996 _aAscoly, Nina _econtributor. |
|
| 942 |
_2ddc _k382 SCH |
||
| 999 |
_c17998 _d17970 |
||